Barthelemy Terrasson papers, (Record no. 42689)
[ view plain ]
| 000 -LEADER | |
|---|---|
| fixed length control field | 01181cpcaa2200301 a 4500 |
| 001 - CONTROL NUMBER | |
| control field | mm 80003525 |
| 003 - CONTROL NUMBER IDENTIFIER | |
| control field | DLC |
| 005 - DATE AND TIME OF LATEST TRANSACTION | |
| control field | 20260227111702.0 |
| 008 - FIXED-LENGTH DATA ELEMENTS--GENERAL INFORMATION | |
| fixed length control field | 800701|||||||||||| fre |
| 010 ## - LIBRARY OF CONGRESS CONTROL NUMBER | |
| LC control number | mm 80003525 |
| 040 ## - CATALOGING SOURCE | |
| Original cataloging agency | DLC |
| Transcribing agency | DLC |
| Modifying agency | DLC |
| Description conventions | dacs |
| 041 ## - LANGUAGE CODE | |
| Language code of text/sound track or separate title | fre |
| -- | ger |
| 072 #7 - SUBJECT CATEGORY CODE | |
| Subject category code | C |
| Source | lcmd |
| 100 1# - MAIN ENTRY--PERSONAL NAME | |
| Personal name | Terrasson, Barthelemy. |
| 245 00 - TITLE STATEMENT | |
| Title | Barthelemy Terrasson papers, |
| Inclusive dates | 1773-1807. |
| 300 ## - PHYSICAL DESCRIPTION | |
| Extent | 54 |
| Type of unit | items. |
| 506 0# - RESTRICTIONS ON ACCESS NOTE | |
| Terms governing access | Open to research. |
| 520 8# - SUMMARY, ETC. | |
| Summary, etc. | Correspondence, financial records, and other papers pertaining to Terrasson's activities as French consul at Baltimore, Md. Most of the letters are written to Terrasson from associates in France. |
| 545 0# - BIOGRAPHICAL OR HISTORICAL DATA | |
| Biographical or historical data | French businessman. |
| 546 ## - LANGUAGE NOTE | |
| Language note | Collection material in French, with German. |
| 580 ## - LINKING ENTRY COMPLEXITY NOTE | |
| Linking entry complexity note | Forms part of: Miscellaneous Manuscripts collection. |
| 650 #0 - SUBJECT ADDED ENTRY--TOPICAL TERM | |
| Topical term or geographic name entry element | Diplomatic and consular service, French |
| Geographic subdivision | United States. |
| 651 #0 - SUBJECT ADDED ENTRY--GEOGRAPHIC NAME | |
| Geographic name | Baltimore (Md.) |
| General subdivision | History. |
| 656 #7 - INDEX TERM--OCCUPATION | |
| Occupation | Businessmen. |
| Source of term | itoamc |
| 656 #7 - INDEX TERM--OCCUPATION | |
| Occupation | Diplomats, French. |
| Source of term | itoamc |
No items available.